Statistics for MCU Every Character Quiz

Click here to take the quiz!

General Stats

  • This quiz has been taken 71 times
  • The average score is 100 of 138

Answer Stats

CharacterDebut MovieLatest AppearanceActor% Correct
Tony Stark / Iron ManIron ManAvengers: EndgameRobert Downey Jr.
100%
Bruce Banner / The HulkThe Incredible HulkAvengers: EndgameEdward Norton / Mark Ruffalo
96%
Ho YinsenIron ManIron ManShaun Toub
96%
James "Rhodey" Rhodes / War Machine / Iron PatriotIron ManAvengers: EndgameTerrence Howard / Don Cheadle
96%
Steve Rogers / Captain AmericaCaptain America: The First AvengerAvengers: EndgameChris Evans
96%
Virginia "Pepper" Potts / RescueIron ManAvengers: EndgameGwyneth Paltrow
96%
Happy HoganIron ManSpider-Man: Far From HomeJon Favreau
95%
James Buchanan "Bucky" Barnes / Winter Soldier / White WolfCaptain America: The First AvengerAvengers: EndgameSebastian Stan
95%
Jane FosterThorAvengers: EndgameNatalie Portman
95%
Loki LaufeysonThorAvengers: EndgameTom Hiddleston
95%
Natasha Romanoff / Black WidowIron Man 2Avengers: EndgameScarlett Johansson
95%
Nick FuryIron ManSpider-Man: Far From HomeSamuel L. Jackson
95%
OdinThorThor: RagnarokAnthony Hopkins
95%
T'Challa / Black PantherCaptain America: Civil WarAvengers: EndgameChadwick Boseman
95%
Thor OdinsonThorAvengers: EndgameChris Hemsworth
95%
Drax the DestroyerGuardians of the GalaxyAvengers: EndgameDave Bautista
93%
Dr. Stephen Strange / Doctor StrangeDoctor StrangeAvengers: EndgameBenedict Cumberbatch
93%
GamoraGuardians of the GalaxyAvengers: EndgameZoe Saldana
93%
GrootGuardians of the GalaxyAvengers: EndgameBradley Cooper
93%
Hope van Dyne / The WaspAnt-ManAvengers: EndgameEvangeline Lilly
93%
Janet van Dyne / The WaspAnt-ManAvengers: EndgameMichelle Pfeiffer / Hayley Lovitt
93%
NebulaGuardians of the GalaxyAvengers: EndgameKaren Gillan
93%
Peter Quill / Star-LordGuardians of the GalaxyAvengers: EndgameChris Pratt
93%
Pietro Maximoff / QuicksilverCaptain America: The Winter SoldierAvengers: Age of UltronAaron Taylor-Johnson
93%
Rocket RaccoonGuardians of the GalaxyAvengers: EndgameVin Diesel
93%
Wanda Maximoff / Scarlet WitchCaptain America: The Winter SoldierAvengers: EndgameElizabeth Olsen
93%
Carol Danvers / Vers / Captain MarvelCaptain MarvelAvengers: EndgameBrie Larson
91%
Clint Barton / Hawkeye / RoninThorAvengers: EndgameJeremy Renner
91%
Hank Pym / Ant-ManAnt-ManAvengers: EndgameMichael Douglas / Dax Griffin
91%
MantisGuardians of the Galaxy vol. 2Avengers: EndgamePom Klementieff
91%
Peter Parker / Spider-ManCaptain America: Civil WarSpider-Man: Far From HomeTom Holland
91%
Sam Wilson / FalconCaptain America: The Winter SoldierAvengers: EndgameAnthony Mackie
91%
Scott Lang / Ant-Man / Giant-ManAnt-ManAvengers: EndgamePaul Rudd
91%
T'Chaka / Black PantherCaptain America: Civil WarBlack PantherJohn Kani
91%
Betty RossThe Incredible HulkThe Incredible HulkLiv Tyler
89%
Phil CoulsonIron ManCaptain MarvelClark Gregg
89%
ThanosThe AvengersAvengers: EndgameDamion Poitier / Josh Brolin
89%
UltronAvengers: Age of UltronAvengers: Age of UltronJames Spader
89%
VisionAvengers: Age of UltronAvengers: Infinity WarPaul Bettany
89%
WongDoctor StrangeAvengers: EndgameBenedict Wong
89%
HeimdallThorThor: RagnarokIdris Elba
87%
N'Jadaka / Erik "Killmonger" StevensBlack PantherBlack PantherMichael B. Jordan
87%
EgoGuardians of the Galaxy vol. 2Guardians of the Galaxy vol. 2Kurt Russell
85%
Everett K. RossCaptain America: Civil WarBlack PantherMartin Freeman
85%
Michelle "MJ" JonesSpider-Man: HomecomingSpider-Man: Far From HomeZendaya
85%
Peggy CarterCaptain America: The First AvengerAvengers: EndgameHayley Atwell
85%
Thaddeus "Thunderbolt" RossThe Incredible HulkAvengers: EndgameWilliam Hurt
85%
The Ancient OneDoctor StrangeAvengers: EndgameTilda Swinton
85%
Adrian Toomes / VultureSpider-Man: HomecomingSpider-Man: HomecomingMichael Keaton
84%
Darren Cross / YellowjacketAnt-ManAnt-ManCorey Stoll
84%
FriggaThorAvengers: EndgameRene Russo
84%
Maria HillThe AvengersAvengers: EndgameCobie Smulders
84%
Ned LeedsSpider-Man: HomecomingSpider-Man: Far From HomeJacob Batalon
84%
Sharon CarterCaptain America: The Winter SoldierCaptain America: Civil WarEmily VanCamp
84%
GrandmasterThor: RagnarokThor: RagnarokJeff Goldblum
82%
Helmut ZemoCaptain America: Civil WarCaptain America: Civil WarDaniel Brühl
82%
Quentin Beck / MysterioSpider-Man: Far From HomeSpider-Man: Far From HomeJake Gyllenhaal
82%
ShuriBlack PantherAvengers: EndgameLetitia Wright
82%
ValkyrieThor: RagnarokAvengers: EndgameTessa Thompson
82%
Aunt May ParkerCaptain America: Civil WarSpider-Man: Far From HomeMarisa Tomei
80%
Johann Schmidt / Red Skull / StonekeeperCaptain America: The First AvengerAvengers: EndgameHugo Weaving / Ross Marquand
80%
Lady SifThorThor: The Dark WorldJaimie Alexander
80%
HelaThor: RagnarokThor: RagnarokCate Blanchett
78%
Howard StarkIron Man 2Avengers: EndgameJohn Slattery / Dominic Cooper
78%
KorgThor: RagnarokAvengers: EndgameTaika Waititi
78%
Obadiah Stane / Iron MongerIron ManIron ManJeff Bridges
78%
OkoyeBlack PantherAvengers: EndgameDanai Gurira
78%
Ronan the AccuserGuardians of the GalaxyCaptain MarvelLee Pace
78%
Taneleer Tivan / The CollectorThor: The Dark WorldAvengers: Infinity WarBenicio del Toro
78%
Emil Blonsky / AbominationThe Incredible HulkThe Incredible HulkTim Roth
76%
Erik SelvigThorAvengers: Age of UltronStellan Skarsgård
76%
Yondu UdontaGuardians of the GalaxyGuardians of the Galaxy vol. 2Michael Rooker
76%
Darcy LewisThorThor: The Dark WorldKat Dennings
75%
Ivan Vanko / WhiplashIron Man 2Iron Man 2Mickey Rourke
75%
Brock Rumlow / CrossbonesCaptain America: The Winter SoldierAvengers: EndgameFrank Grillo
73%
DormammuDoctor StrangeDoctor StrangeBenedict Cumberbatch
73%
Eugene "Flash" ThompsonSpider-Man: HomecomingSpider-Man: Far From HomeTony Revolori
73%
Maria RambeauCaptain MarvelCaptain MarvelLashana Lynch
73%
Trevor Slattery / The MandarinIron Man 3Iron Man 3Ben Kingsley
73%
Justin HammerIron Man 2Iron Man 2Sam Rockwell
71%
MalekithThor: The Dark WorldThor: The Dark WorldChristopher Eccleston
71%
M'BakuBlack PantherAvengers: EndgameWinston Duke
71%
Alexander PierceCaptain America: The Winter SoldierAvengers: EndgameRobert Redford
69%
Cassie LangAnt-ManAvengers: EndgameAbby Ryder Fortson / Emma Fuhrmann
69%
Aldrich KillianIron Man 3Iron Man 3Guy Pearce
67%
Ava Starr / GhostAnt-Man and the WaspAnt-Man and the WaspHannah John-Kamen
67%
Betty BrantSpider-Man: HomecomingSpider-Man: Far From HomeAngourie Rice
67%
Ebony MawAvengers: Infinity WarAvengers: EndgameTom Vaughan-Lawlor
65%
Karl MordoDoctor StrangeDoctor StrangeChiwetel Ejiofor
65%
LuisAnt-ManAnt-Man and the WaspMichael Peña
65%
NakiaBlack PantherBlack PantherLupita Nyong'o
65%
FandralThorThor: RagnarokJosh Dallas / Zachary Levi
62%
KaeciliusDoctor StrangeDoctor StrangeMads Mikkelsen
62%
Ulysses KlaueAvengers: Age of UltronBlack PantherAndy Serkis
62%
VolstaggThorThor: RagnarokRay Stevenson
62%
HogunThorThor: RagnarokTadanobu Asano
60%
MiekThor: RagnarokAvengers: EndgameStephen Murdoch
60%
Arnim ZolaCaptain America: The First AvengerCaptain America: The Winter SoldierToby Jones
58%
Herman Schultz / ShockerSpider-Man: HomecomingSpider-Man: HomecomingBokeem Woodbine
58%
LizSpider-Man: HomecomingSpider-Man: HomecomingLaura Harrier
58%
Proxima MidnightAvengers: Infinity WarAvengers: EndgameCarrie Coon
58%
J. Jonah JamesonSpider-Man: Far From HomeSpider-Man: Far From HomeJ. K. Simmons
56%
KraglinGuardians of the GalaxyGuardians of the Galaxy vol. 2Sean Gunn
56%
Jasper SitwellThorAvengers: EndgameMaximiliano Hernández
55%
Morgan StarkAvengers: EndgameAvengers: EndgameAlexandra Rabe
55%
Skurge / The ExecutionerThor: RagnarokThor: RagnarokKarl Urban
55%
Yon-RoggCaptain MarvelCaptain MarvelJude Law
55%
Corvus GlaiveAvengers: Infinity WarAvengers: EndgameMichael James Shaw
53%
Cull ObsidianAvengers: Infinity WarAvengers: EndgameTerry Notary
53%
EitriAvengers: Infinity WarAvengers: Infinity WarPeter Dinklage
53%
Harley KeenerIron Man 3Avengers: EndgameTy Simpkins
53%
LaufeyThorThorColm Feore
53%
Laura BartonAvengers: Age of UltronAvengers: EndgameLinda Cardellini
53%
Monica RambeauCaptain MarvelCaptain MarvelAkira Akbar / Azari Akbar
53%
TalosCaptain MarvelSpider-Man: Far From HomeBen Mendelsohn
53%
Christine PalmerDoctor StrangeDoctor StrangeRachel McAdams
51%
Jim PaxtonAnt-ManAnt-Man and the WaspBobby Cannavale
51%
RamondaBlack PantherAvengers: EndgameAngela Bassett
49%
TaserfaceGuardians of the Galaxy vol. 2Guardians of the Galaxy vol. 2Chris Sullivan
49%
Timothy "Dum Dum" DuganCaptain America: The First AvengerCaptain America: The First AvengerNeal McDonough
49%
Wolfgang von StruckerCaptain America: The Winter SoldierAvengers: Age of UltronThomas Kretschmann
49%
Bill FosterAnt-Man and the WaspAnt-Man and the WaspLaurence Fishburne
47%
Jimmy WooAnt-Man and the WaspAnt-Man and the WaspRandall Park
47%
KorathGuardians of the GalaxyCaptain MarvelDjimon Hounsou
45%
DaveAnt-ManAnt-Man and the WaspTip "T.I." Harris
44%
MaggieAnt-ManAnt-Man and the WaspJudy Greer
44%
High Priestess AyeshaGuardians of the Galaxy vol. 2Guardians of the Galaxy vol. 2Elizabeth Debicki
42%
KurtAnt-ManAnt-Man and the WaspDavid Dastmalchian
42%
Maya HansenIron Man 3Iron Man 3Rebecca Hall
42%
Aaron DavisSpider-Man: HomecomingSpider-Man: HomecomingDonald Glover
40%
Algrim / KurseThor: The Dark WorldThor: The Dark WorldAdewale Akinnuoye-Agbaje
40%
Minn-ErvaCaptain MarvelCaptain MarvelGemma Chan
40%
Phineas Mason / TinkererSpider-Man: HomecomingSpider-Man: HomecomingMichael Chernus
40%
Supreme IntelligenceCaptain MarvelCaptain MarvelAnnette Bening
38%
Sonny BurchAnt-Man and the WaspAnt-Man and the WaspWalton Goggins
35%
Brad DavisSpider-Man: Far From HomeSpider-Man: Far From HomeRemy Hii
29%
SorenCaptain MarvelSpider-Man: Far From HomeSharon Blynn
29%
DimitriSpider-Man: Far From HomeSpider-Man: Far From HomeNuman Acar
18%

Score Distribution

Percentile by Number Answered

Percent of People with Each Score

Your Score History

You have not taken this quiz